Úroveň koncentrácie internetových prehliadačov v kontexte efektívnej hospodárskej súťaže
Pohľad na trh internetových prehliadačov na základe vývoja ich trhového podielu. Zhodnotenie ich koncentrácie, úrovne hospodárskej súťaže a ich vzájomný konkurenčný boj.
Na minha lista:
| Autor principal: | |
|---|---|
| Formato: | Capítulo de Livro |
| Idioma: | eslovaco |
| Assuntos: | |
| Tags: |
Sem tags, seja o primeiro a adicionar uma tag!
|
MARC
| LEADER | 00000naa$a2200000$$$4500 | ||
|---|---|---|---|
| 001 | 0251003 | ||
| 005 | 20240502074026.8 | ||
| 041 | 0 | |a slo | |
| 044 | |a SK | ||
| 245 | 1 | 0 | |a Úroveň koncentrácie internetových prehliadačov v kontexte efektívnej hospodárskej súťaže |c Jana Kissová |
| 520 | |a Pohľad na trh internetových prehliadačov na základe vývoja ich trhového podielu. Zhodnotenie ich koncentrácie, úrovne hospodárskej súťaže a ich vzájomný konkurenčný boj. | ||
| 610 | 2 | 0 | |a trh |
| 610 | 2 | 0 | |a internet |
| 610 | 2 | 0 | |a súťaž hospodárska |
| 610 | 2 | 0 | |a konkurencieschopnosť |
| 610 | 2 | 0 | |a technológie informačné |
| 100 | 1 | |a Kissová, Jana, 1979- | |